Statistics for Top 15 Countries with Covid-19 Cases - 30 October

Click here to take the quiz!

General Stats

  • This quiz has been taken 20 times
  • The average score is 17 of 25

Answer Stats

country% Correct
Italy
94%
Russia
94%
Spain
94%
United Kingdom
94%
United States
94%
France
89%
Brazil
83%
Germany
83%
India
83%
Peru
78%
Argentina
72%
Colombia
72%
Iran
72%
Chile
67%
Mexico
67%
South Africa
61%
Belgium
56%
Israel
56%
Qatar
56%
Kuwait
50%
Panama
50%
Bahrain
44%
Czechia
39%
Armenia
33%
Oman
33%

Score Distribution

Percentile by Number Answered

Percent of People with Each Score

Your Score History

You have not taken this quiz